000 00943cab a2200277 4500
001 WB2815-06
008 090401t1992 xxu||||| |||| 00| 0 eng d
035 _a(Sirsi) u73103
041 _aeng
245 _aVisit America-on-Thames
260 _c1992
350 _a0
490 _aSunday Telegraph
_v5 April 1992, 23(1)
520 _aAmerican housebuilding methods and materials will be displayed in a new development at Thamesmead, southeast London, which will be a showcase for glued laminated beams, laminated veneer lumber, and timber cladding, as well as the house designs these products permit.
650 _aAMERICAN PLYWOOD ASSOCIATION
650 _aENERGY COSTS
650 _aGLULAMS
650 _aLVLS
650 _aPLYWOOD
650 _aTIMBER-FRAME CONSTRUCTION
650 _aURBANBUILD
690 _aBUILT ENVIRONMENT-BUILDING MATERIALS
690 _aHOUSING-DEVELOPMENT
942 _n0
948 _c04/03/1997
999 _c46229
_d46229